Tuyển tập nghiên cứu khoa học giáo dục thể chất, sức khỏe trong trường học các cấp hội nghị khoa học giáo dục thể chất, sức khỏe ngành giáo dục và đào tạo lần thứ III

Đã lưu trong:
書目詳細資料
格式: 圖書
出版: Hà Nội Thể dục thể thao 2001
主題:
標簽: 添加標簽
沒有標簽, 成為第一個標記此記錄!
Thư viện lưu trữ: Trung tâm Học liệu Lê Vũ Hùng, Trường Đại học Đồng Tháp
LEADER 00956pam a22002298a 4500
001 00043393
005 20181207141227.0
008 110318s1997 ||||||Viesd
020 # # |c 55000 
041 0 # |a Vie 
082 1 4 |a 796.07  |b T527T 
245 0 0 |a Tuyển tập nghiên cứu khoa học giáo dục thể chất, sức khỏe trong trường học các cấp  |b hội nghị khoa học giáo dục thể chất, sức khỏe ngành giáo dục và đào tạo lần thứ III 
260 # # |a Hà Nội  |b Thể dục thể thao  |c 2001 
300 # # |a 399 tr.  |c 24 cm. 
500 # # |a ĐTTS ghi: Bộ Giáo dục và Đào tạo 
653 # # |a Giáo dục thể chất 
653 # # |a Nghiên cứu khoa học 
653 # # |a Trường học 
653 # # |a Tuyển tập 
852 # # |j KD.0025145 
910 0 # |d 7/12/2018 
980 # # |a Trung tâm Học liệu Lê Vũ Hùng, Trường Đại học Đồng Tháp